000 00670nam a2200253Ia 4500
003 OSt
005 20221006145337.0
006 a|||||r|||| 00| 0
007 ta
008 221006b |||||||| |||| 00| 0 eng d
020 _c
_16.50
024 _a14,531
037 _cTextual
040 _aEASL
_cEASL
_beng
041 _2eng
_aeng
082 _aO41,1x1:(P:2), 111K8
100 _aDOBSON W.A.C.H.
245 0 _aLanguage of the book of songs
260 _aToronto
_bUniversity of Toronto Press
_c1968
300 _a321p.
_ccm.
490 _v CEL
942 _hO41,1x1:(P:2), 111K8
_cTEXL
_2CC
999 _c1082617
_d1082617